000 00465nam a2200205Ia 4500
003 OSt
005 20220923230913.0
006 a|||||r|||| 00| 0
007 ta
008 Pun
024 _a306,322
037 _cTextual
040 _aARTS
_cARTS
_bPun
041 _2Pun
_aPun
082 _aQ8441wK66, 153K7
245 0 _aਗੋਬਿੰਦ ਸਾਗਰ
260 _c1967
942 _hQ8441wK66, 153K7
_cTEXL
_2CC
999 _c388108
_d388108